00678nam a2200241 a 4500001001300000003000900013005001700022008004100039020001000080082001800090100001700108245002200125260004300147300000900190500003500199505001700234650002000251700001700271902000800288942000700296952011800303999001500421nice12345678IN_TiNIC20260116011442.0050524s1934 cula grp 000 0 eng  ac10000a305.6297bBAR aBartold, V V aMussulman Culture aCulcattabUniversity of Calcuttac1934 a146p aincludes index and biblioraphy2 aIndex, Illus aIslamic-Culture1 aBartold, V V bSRS cBK 001040708StackRoom-aHMIbHMId2007-10-05g100.00l0o305.6297 BARp01554r2007-10-05v100.00w2005-05-24yBK c1657d1657